Т. 12 : Северный Кавказ. Период 1966-1970. Вып. 1: Опубликованные работы. Кн. 2; Геологическая изученность СССР

Podrobná bibliografie
Parent link:Геологическая изученность СССР: [обзорные главы, рефераты, аннотации и библиографические справки]/ Академия Наук СССР, Комиссия по геологической изученности СССР. Т. 12: Северный Кавказ. Период 1966-1970. Вып. 1: Опубликованные работы. Кн. 2.— , 1961-1984
Další autoři: Петрова А. М. (редактор)
Jazyk:ruština
Vydáno: 1980
Témata:
Médium: Kniha
KOHA link:https://koha.lib.tpu.ru/cgi-bin/koha/opac-detail.pl?biblionumber=346572

MARC

LEADER 00000nam2a2200000 4500
001 346572
005 20231102005912.0
035 |a (RuTPU)RU\TPU\book\378454 
035 |a RU\TPU\book\289689 
090 |a 346572 
100 |a 20211020d1980 k y0rusy50 ca 
101 0 |a rus 
102 |a RU 
105 |a y ad 000zy 
200 0 |a Т. 12 : Северный Кавказ. Период 1966-1970. Вып. 1: Опубликованные работы. Кн. 2  |f отв. ред. А. М. Петрова 
210 |d 1980 
215 |a 396 с. 
461 1 |0 (RuTPU)RU\TPU\book\58444  |t Геологическая изученность СССР  |o [обзорные главы, рефераты, аннотации и библиографические справки]  |f Академия Наук СССР, Комиссия по геологической изученности СССР  |v Т. 12: Северный Кавказ. Период 1966-1970. Вып. 1: Опубликованные работы. Кн. 2  |d 1961-1984 
606 1 |a Геологическая изученность  |y СССР  |2 stltpush  |3 (RuTPU)RU\TPU\subj\6035  |9 34000 
610 1 |a геология 
610 1 |a СССР 
610 1 |a Северный Кавказ 
610 1 |a геологические исследования 
610 1 |a геологическое районирование 
610 1 |a опубликованные источники 
610 1 |a рефераты 
610 1 |a библиографические пособия 
675 |a 55(47+57)  |v 4 
675 |a 55(470.6)  |v 4 
702 1 |a Петрова  |b А. М.  |4 340 
801 1 |a RU  |b 63413507  |c 20120215 
801 2 |a RU  |b 63413507  |c 20211020  |g RCR 
942 |c BK